|
|
|
|
| LEADER |
00703nam a2200229Ia 4500 |
| 001 |
CTU_157316 |
| 008 |
210402s9999 xx 000 0 und d |
| 020 |
|
|
|c 24.95
|
| 082 |
|
|
|a 332.02401
|
| 082 |
|
|
|b F499
|
| 100 |
|
|
|a Finkel, David
|
| 245 |
|
4 |
|a The Maui millionaires :
|
| 245 |
|
0 |
|b discover the secrets behind the world’s most exclusive wealth retreat and become financially free
|
| 245 |
|
0 |
|c David Finkel, Diane Kennedy
|
| 260 |
|
|
|a Hoboken, N.J.
|
| 260 |
|
|
|b Wiley
|
| 260 |
|
|
|c 2007
|
| 650 |
|
|
|a Wealth,Millionaires,Triệu phú
|
| 650 |
|
|
|x Hoa Kỳ
|
| 650 |
|
|
|z United States,United States
|
| 904 |
|
|
|i Nguyên
|
| 980 |
|
|
|a Trung tâm Học liệu Trường Đại học Cần Thơ
|